00540nam a2200193 a 450000100060000000300080000600500170001400800410003103500190007204000370009104100080012808200220013610000230015824500490018126000410023030000320027150000220030365000210032566993BD-RjUL20211209081614.0170321s1960 nyua 001 0 eng d a(BD-RjUL)67124 aDLCcWSUdOCLdSERdBD-RjULbeng aeng 223a152bANE 196010aAndreas, Burton G.10aExperimental psychology /cBurton G. Andreas aNew York ;aLondon :bWiley,cc1960. ax, 595 p. :bill. ;c24 cm. aIncludes Indexes. 0aPsychophysiology